[Event "PAR-ch"]
[Site "Asuncion"]
[Date "2019.11.23"]
[Round "6"]
[White "Franco Ocampos, Zenon"]
[Black "Benitez Galeano, Alejandro"]
[Result "1-0"]
[WhiteElo "2458"]
[BlackElo "2174"]
[PlyCount "53"]
[EventDate "2019.11.18"]
[EventType "tourn"]
[EventRounds "9"]
[EventCountry "PAR"]
[EventCategory "5"]
[SourceTitle "CBM 193 Extra"]
[Source "ChessBase"]
[SourceDate "2020.01.31"]
[SourceVersion "1"]
[SourceVersionDate "2020.01.31"]
[SourceQuality "1"]

1. d4 d5 2. Nf3 Nf6 3. e3 e6 4. Bd3 Bd6 5. b3 b6 6. Bb2 Bb7 7. 0-0 Nbd7 8. c4 Ne4 9. Nc3 a6 10. Ne2 0-0 11. Rc1 Qe7 12. Ne5 Rac8 13. f3 Nef6 14. Ng3 c5 15. f4 cxd4 16. exd4 Ba3 17. Qe2 Bxb2 18. Qxb2 Ne4 19. cxd5 exd5 20. Nf5 Qe6 21. Ne3 f6 22. Rxc8 Rxc8 23. Bxe4 dxe4 24. d5 Qe7 25. Nxd7 Qxd7 26. Qd4 Qb5 27. Rd1 1-0

[Event "Lorca op 7th"]
[Site "Lorca"]
[Date "2018.12.27"]
[Round "3"]
[White "Franco Ocampos, Zenon"]
[Black "Low, Zhen Yu Cyrus"]
[Result "1-0"]
[WhiteElo "2477"]
[BlackElo "2384"]
[PlyCount "145"]
[EventDate "2018.12.26"]
[EventType "swiss"]
[EventRounds "9"]
[EventCountry "ESP"]
[SourceTitle "CBM 188 Extra"]
[Source "ChessBase"]
[SourceDate "2019.02.28"]
[SourceVersion "1"]
[SourceVersionDate "2019.02.28"]
[SourceQuality "1"]

1. c4 e6 2. Nf3 Nf6 3. d4 d5 4. e3 a6 5. b3 c5 6. cxd5 Nxd5 7. Be2 cxd4 8. Nxd4 Bb4+ 9. Bd2 0-0 10. 0-0 Qe7 11. Bf3 Rd8 12. Bxd5 Rxd5 13. Qc2 Bc5 14. Nc3 Rd8 15. Nf3 Nd7 16. Ne4 Bb6 17. a3 a5 18. Bc3 f5 19. Ned2 Nf6 20. Nc4 Bc7 21. a4 Bd7 22. Be5 Bc6 23. Bxc7 Qxc7 24. Nfe5 Bd5 25. h3 Nd7 26. Qb2 Nxe5 27. Nxe5 Bxb3 28. Rac1 Qd6 29. Qxb3 Qxe5 30. Qxb7 Rab8 31. Qc7 Qxc7 32. Rxc7 Rdc8 33. Re7 Re8 34. Ra7 Ra8 35. Rb7 Rab8 36. Rfb1 Rxb7 37. Rxb7 Rd8 38. Rb5 Rd5 39. Rxd5 exd5 40. Kf1 Kf7 41. Ke2 Ke6 42. Kd3 Ke5 43. g3 g6 44. f3 Ke6 45. Kd4 Kd6 46. h4 h6 47. g4 fxg4 48. fxg4 g5 49. h5 Kc6 50. Ke5 Kc5 51. Kf6 Kc4 52. Kg6 Kd3 53. Kxh6 Kxe3 54. Kxg5 d4 55. h6 d3 56. h7 d2 57. h8Q d1Q 58. Qc3+ Kf2 59. Qc5+ Kg3 60. Qc7+ Kf3 61. Qxa5 Qc1+ 62. Kh5 Qh1+ 63. Kg6 Qc1 64. Qd5+ Kg3 65. Qe5+ Kf3 66. a5 Qa3 67. g5 Kg4 68. Qe6+ Kf4 69. a6 Qd3+ 70. Kh6 Qa3 71. Qf7+ Kg4 72. Qe6+ Kf4 73. g6 1-0

[Event "Lorca op 7th"]
[Site "Lorca"]
[Date "2018.12.27"]
[Round "2"]
[White "Tudela Corbalan, Carlos"]
[Black "Franco Ocampos, Zenon"]
[Result "0-1"]
[WhiteElo "2252"]
[BlackElo "2477"]
[PlyCount "80"]
[EventDate "2018.12.26"]
[EventType "swiss"]
[EventRounds "9"]
[EventCountry "ESP"]
[SourceTitle "CBM 188 Extra"]
[Source "ChessBase"]
[SourceDate "2019.02.28"]
[SourceVersion "1"]
[SourceVersionDate "2019.02.28"]
[SourceQuality "1"]

1. Nf3 d5 2. c4 d4 3. e3 Nc6 4. b4 dxe3 5. fxe3 Nxb4 6. d4 e6 7. a3 Nc6 8. Bd3 g6 9. 0-0 Bg7 10. Bb2 Nge7 11. Qe2 0-0 12. Nbd2 Nf5 13. Qf2 b6 14. Rfe1 a5 15. Rad1 a4 16. Ne4 Nd6 17. d5 exd5 18. cxd5 Na5 19. Bxg7 Kxg7 20. Qb2+ f6 21. Nxd6 Qxd6 22. e4 Kg8 23. e5 fxe5 24. Rxe5 Bg4 25. Qe2 Nb3 26. Bc4 Nc5 27. Re1 Rf7 28. Qe3 Bxf3 29. gxf3 Raf8 30. Re8 Rxe8 31. Qxe8+ Kg7 32. Kg2 Qf4 33. Qe2 Rf5 34. Qb2+ Kh6 35. Qe2 Nd7 36. Qe4 Qg5+ 37. Kh1 Nf6 38. Qd3 Qf4 39. Rf1 Re5 40. Kg2 Rh5 0-1

[Event "Olympiad-43"]
[Site "Batumi"]
[Date "2018.10.05"]
[Round "11.3"]
[White "Deac, Bogdan Daniel"]
[Black "Franco Ocampos, Zenon"]
[Result "1-0"]
[WhiteElo "2594"]
[BlackElo "2486"]
[PlyCount "127"]
[EventDate "2018.09.24"]
[EventType "team-swiss"]
[EventRounds "11"]
[EventCountry "GEO"]
[SourceTitle "CBM 187"]
[Source "ChessBase"]
[SourceDate "2018.12.11"]
[SourceVersion "1"]
[SourceVersionDate "2018.12.11"]
[SourceQuality "1"]
[WhiteTeam "Romania"]
[BlackTeam "Paraguay"]
[WhiteTeamCountry "ROU"]
[BlackTeamCountry "PAR"]

1. d4 d5 2. c4 c6 3. Nf3 Nf6 4. Nc3 dxc4 5. a4 e6 6. e3 c5 7. Bxc4 Nc6 8. 0-0 Be7 9. Qe2 0-0 10. Rd1 cxd4 11. exd4 Nb4 12. Bg5 Bd7 13. Ne5 Rc8 14. Re1 a6 15. Bb3 Rc7 16. Bf4 Bc8 17. Rad1 Re8 18. Qf3 Nbd5 19. Bg5 Rf8 20. Bxf6 Nxf6 21. d5 Bd6 22. dxe6 Bxe6 23. Bxe6 fxe6 24. Qd3 Be7 25. Qe2 Qc8 26. Nd3 Rc6 27. g3 Re8 28. Qf3 Bf8 29. Re2 Rc4 30. Ne5 Rc7 31. Ne4 Rc1 32. Rxc1 Qxc1+ 33. Kg2 Be7 34. Nxf6+ Bxf6 35. Qxb7 Qc8 36. Qb6 Qa8+ 37. Qc6 Qxc6+ 38. Nxc6 Rc8 39. Rc2 Kf8 40. b3 Ke8 41. Nb4 Rb8 42. Nxa6 Rxb3 43. Rc6 e5 44. Nc5 Ra3 45. Ra6 Kd8 46. Ra7 e4 47. Nxe4 Bd4 48. Ra6 Kc7 49. a5 Ra2 50. h4 h6 51. h5 Ra4 52. f3 Kb7 53. Rd6 Ka7 54. Kh3 Kb7 55. Kg4 Kc7 56. a6 Be5 57. Re6 Ra5 58. f4 Bb2 59. Nd6 Bf6 60. Nf5 Kd7 61. Rb6 Ke8 62. Rb8+ Kf7 63. Rb7+ Kg8 64. a7 1-0

[Event "Gijon rapid op 18th"]
[Site "Gijon"]
[Date "2018.07.22"]
[Round "8"]
[White "Aguera Naredo, Javier"]
[Black "Franco Ocampos, Zenon"]
[Result "1-0"]
[WhiteElo "2369"]
[BlackElo "2486"]
[PlyCount "115"]
[EventDate "2018.07.22"]
[EventType "swiss (rapid)"]
[EventRounds "9"]
[EventCountry "ESP"]
[SourceTitle "CBM 185 Extra"]
[Source "ChessBase"]
[SourceDate "2018.07.29"]
[SourceVersion "1"]
[SourceVersionDate "2018.07.29"]
[SourceQuality "1"]

1. e4 c5 2. Nf3 Nc6 3. Bb5 g6 4. Bxc6 bxc6 5. 0-0 Bg7 6. Re1 e5 7. a3 a5 8. d3 Ne7 9. Nbd2 a4 10. Nc4 d6 11. c3 0-0 12. d4 Be6 13. Ne3 Bb3 14. Qd3 cxd4 15. cxd4 Qb6 16. dxe5 dxe5 17. Bd2 Rfd8 18. Qe2 f6 19. Rac1 Bf8 20. Bb4 Nc8 21. Bxf8 Kxf8 22. Nd2 Be6 23. Ndc4 Qb5 24. h4 Nd6 25. h5 Nxc4 26. Nxc4 Rd4 27. hxg6 hxg6 28. Qf3 Kg7 29. Ne3 Rf8 30. Rc2 c5 31. Rec1 Qd3 32. Rxc5 Qxe4 33. Rc7+ Rf7 34. Qe2 f5 35. Qa6 Bd7 36. Nc4 Qe2 37. Qa5 Kf6 38. Ne3 f4 39. Re1 Qd2 40. Ng4+ Kg7 41. Qxe5+ Kh7 42. Rf1 Rd6 43. Qg5 f3 44. Qh4+ Kg7 45. Ne5 Qe2 46. Nxf3 Rd1 47. Rxd1 Qxd1+ 48. Kh2 Qd6+ 49. Qg3 Qf6 50. Qe5 Re7 51. Qxf6+ Kxf6 52. Kg3 g5 53. Ra7 Rf7 54. Nd2 Re7 55. f3 Ke5 56. Nc4+ Kf6 57. Nb6 Bb5 58. Nd5+ 1-0

[Event "PAR-ch"]
[Site "Asuncion"]
[Date "2017.12.19"]
[Round "6"]
[White "Franco Ocampos, Zenon"]
[Black "Delgado Ramirez, Neuris"]
[Result "0-1"]
[WhiteElo "2493"]
[BlackElo "2622"]
[PlyCount "54"]
[EventDate "2017.12.15"]
[EventType "tourn"]
[EventRounds "9"]
[EventCountry "PAR"]
[EventCategory "4"]
[SourceTitle "CBM 182 Extra"]
[Source "ChessBase"]
[SourceDate "2018.02.23"]
[SourceVersion "1"]
[SourceVersionDate "2018.02.23"]
[SourceQuality "1"]

1. d4 Nf6 2. c4 e6 3. Nf3 b6 4. a3 Ba6 5. Qc2 Bb7 6. Nc3 c5 7. e3 Be7 8. Bd3 d6 9. 0-0 Nbd7 10. b4 Rc8 11. Rb1 Bxf3 12. gxf3 cxd4 13. exd4 0-0 14. Be3 a6 15. Rfc1 g6 16. c5 bxc5 17. bxc5 dxc5 18. Bxa6 cxd4 19. Bxc8 dxe3 20. Bxd7 exf2+ 21. Qxf2 Qxd7 22. a4 Ra8 23. Kh1 Qd3 24. Rb7 Ba3 25. Rc2 Nh5 26. Qe2 Qf5 27. Qe4 Ng3+ 0-1

[Event "PAR-ch"]
[Site "Asuncion"]
[Date "2017.12.15"]
[Round "1"]
[White "Franco Ocampos, Zenon"]
[Black "Jodorcovsky Werjivker, Paulo"]
[Result "1-0"]
[WhiteElo "2493"]
[BlackElo "2258"]
[PlyCount "91"]
[EventDate "2017.12.15"]
[EventType "tourn"]
[EventRounds "9"]
[EventCountry "PAR"]
[EventCategory "4"]
[SourceTitle "CBM 182 Extra"]
[Source "ChessBase"]
[SourceDate "2018.02.23"]
[SourceVersion "1"]
[SourceVersionDate "2018.02.23"]
[SourceQuality "1"]

1. d4 d5 2. c4 e6 3. Nf3 Nf6 4. e3 b6 5. b3 Bb7 6. Bd3 Bd6 7. Bb2 Nbd7 8. 0-0 0-0 9. Nc3 a6 10. Rc1 Qe7 11. Na4 dxc4 12. bxc4 c5 13. Rb1 Rab8 14. Ba1 Rfd8 15. Ne5 Bc7 16. f4 Ba8 17. Nc3 b5 18. cxb5 axb5 19. Nxb5 cxd4 20. exd4 Bb6 21. Qe2 Nf8 22. f5 exf5 23. Bxf5 Ng6 24. Kh1 Re8 25. Rbe1 Bd5 26. Bb2 Ba5 27. Ba3 Bb4 28. Bxb4 Qxb4 29. Nc7 Qxd4 30. Nxe8 Rxe8 31. Qd3 Qb4 32. a3 Qb7 33. Nf3 Ra8 34. Rb1 Qa7 35. Ra1 Qa4 36. Rfd1 Nh4 37. Bxh7+ Kh8 38. Nxh4 Qxh4 39. Bf5 g6 40. Qh3 Qxh3 41. Bxh3 Ra5 42. Kg1 Kg7 43. Rd4 Rc5 44. a4 g5 45. a5 Rc2 46. a6 1-0

[Event "Olympiad-42"]
[Site "Baku"]
[Date "2016.09.08"]
[Round "6.4"]
[White "Franco Ocampos, Zenon"]
[Black "Swiercz, Dariusz"]
[Result "0-1"]
[WhiteElo "2496"]
[BlackElo "2639"]
[PlyCount "88"]
[EventDate "2016.09.02"]
[EventType "team-swiss"]
[EventRounds "11"]
[EventCountry "AZE"]
[SourceTitle "CBM 175"]
[Source "ChessBase"]
[SourceDate "2016.11.10"]
[SourceVersion "1"]
[SourceVersionDate "2016.11.10"]
[SourceQuality "1"]
[WhiteTeam "Paraguay"]
[BlackTeam "Poland"]
[WhiteTeamCountry "PAR"]
[BlackTeamCountry "POL"]

1. c4 Nf6 2. Nc3 e5 3. Nf3 Nc6 4. d3 Bb4 5. Bd2 0-0 6. e3 d5 7. cxd5 Nxd5 8. Be2 Be6 9. 0-0 Be7 10. a3 a5 11. Qc2 f5 12. e4 Nb6 13. exf5 Rxf5 14. Be3 Kh8 15. Rad1 Nd4 16. Bxd4 exd4 17. Ne4 a4 18. Rc1 c6 19. Nfd2 Bg8 20. Rfe1 Bg5 21. Bg4 Rf8 22. Nxg5 Qxg5 23. Bh3 Qh4 24. Ne4 Nd5 25. Ng3 Nf4 26. Bf5 Bb3 27. Qc5 Bd5 28. Be4 Qf6 29. Qc2 Bb3 30. Qd2 Rae8 31. Bf3 Be6 32. Rc5 Bd5 33. Rxe8 Rxe8 34. Bxd5 cxd5 35. Rc1 h5 36. Re1 Rf8 37. f3 h4 38. Nf1 Qg6 39. Rd1 Qf5 40. Kh1 h3 41. g3 Ng2 42. f4 Qg4 43. Rc1 Re8 44. Qf2 Re2 0-1

[Event "PAR-ch"]
[Site "Asuncion"]
[Date "2015.12.18"]
[Round "10"]
[White "Almiron, Antonio"]
[Black "Franco Ocampos, Zenon"]
[Result "0-1"]
[WhiteElo "2307"]
[BlackElo "2507"]
[PlyCount "80"]
[EventDate "2015.12.09"]
[EventType "tourn"]
[EventRounds "11"]
[EventCountry "PAR"]
[SourceTitle "EXT 2017"]
[Source "ChessBase"]
[SourceDate "2016.10.25"]
[SourceVersion "1"]
[SourceVersionDate "2016.10.25"]
[SourceQuality "1"]

1. e4 d6 2. d4 Nf6 3. Nc3 e5 4. dxe5 dxe5 5. Qxd8+ Kxd8 6. Nf3 Bd6 7. Be3 Ng4 8. Bg5+ f6 9. Bh4 Be6 10. 0-0-0 Ke7 11. Nb5 Nc6 12. Nxd6 cxd6 13. Be2 Rac8 14. Rd2 Nh6 15. Rhd1 Nf7 16. b3 g5 17. Bg3 h5 18. h4 g4 19. Ng1 Nd4 20. Bd3 f5 21. exf5 Nxf5 22. Bxf5 Bxf5 23. Kb2 Rhg8 24. c4 Be4 25. Ne2 Bxg2 26. Nc3 Bf3 27. Re1 a6 28. Nd5+ Bxd5 29. Rxd5 Ke6 30. a4 Rg6 31. Kc3 Rf6 32. a5 Rf3+ 33. Kb4 Rc6 34. Re3 Rxe3 35. fxe3 Kf5 36. Rd1 Ke4 37. Rf1 Nh6 38. Rf6 Nf5 39. Bf2 g3 40. Be1 d5 0-1

[Event "PAR-ch"]
[Site "Asuncion"]
[Date "2015.12.10"]
[Round "2"]
[White "Franco Ocampos, Zenon"]
[Black "Zacarias Martinez, Ruben David"]
[Result "1-0"]
[WhiteElo "2507"]
[BlackElo "2208"]
[PlyCount "53"]
[EventDate "2015.12.09"]
[EventType "tourn"]
[EventRounds "11"]
[EventCountry "PAR"]
[SourceTitle "EXT 2017"]
[Source "ChessBase"]
[SourceDate "2016.10.25"]
[SourceVersion "1"]
[SourceVersionDate "2016.10.25"]
[SourceQuality "1"]

1. d4 Nf6 2. c4 g6 3. Nc3 Bg7 4. e4 d6 5. Be2 0-0 6. Nf3 e5 7. 0-0 Nc6 8. d5 Ne7 9. Ne1 Nd7 10. f3 f5 11. g4 Kh8 12. Nd3 Ng8 13. Be3 Bh6 14. Bf2 Bg5 15. Kh1 Bh4 16. Bg1 h5 17. gxf5 gxf5 18. f4 Qe7 19. Bxh5 fxe4 20. Nxe4 Ndf6 21. Nxf6 Nxf6 22. fxe5 dxe5 23. Qe2 Qh7 24. Nxe5 Rg8 25. Rf4 Nxh5 26. Rxh4 Bf5 27. Bd4 1-0

[Event "Lorca op 3rd"]
[Site "Lorca"]
[Date "2014.12.30"]
[Round "8"]
[White "Franco Ocampos, Zenon"]
[Black "Svetushkin, Dmitry"]
[Result "1-0"]
[WhiteElo "2490"]
[BlackElo "2581"]
[PlyCount "93"]
[EventDate "2014.12.26"]
[EventType "swiss"]
[EventRounds "9"]
[EventCountry "ESP"]
[SourceTitle "CBM 164 Extra"]
[Source "ChessBase"]
[SourceDate "2015.03.02"]
[SourceVersion "1"]
[SourceVersionDate "2015.03.02"]
[SourceQuality "1"]

1. d4 Nf6 2. Nf3 e6 3. c4 d5 4. e3 Be7 5. b3 0-0 6. Bd3 c5 7. 0-0 cxd4 8. exd4 b6 9. Bb2 Bb7 10. Nbd2 Nc6 11. Rc1 Rc8 12. Re1 Re8 13. a3 Bf8 14. c5 a5 15. Bb5 Nd7 16. b4 axb4 17. Bxc6 Bxc6 18. axb4 Bb5 19. Nb1 Qc7 20. Nc3 Bc4 21. Nd2 bxc5 22. dxc5 Ne5 23. Nce4 Nd3 24. Nf6+ Kh8 25. Nxc4 dxc4 26. Nxe8 Rxe8 27. Qe2 Nxe1 28. Rxe1 Qf4 29. g3 Qf5 30. Qxc4 Rd8 31. Bc3 Kg8 32. Qe4 Qh5 33. Kg2 h6 34. Ra1 Qd5 35. Qxd5 exd5 36. Bd4 Rb8 37. Rb1 Rb5 38. Kf3 f6 39. Ke3 Kf7 40. Kd3 Ke6 41. Kc3 Kd7 42. Ra1 Rb8 43. Kb3 Kc6 44. Ra6+ Kb5 45. Ra5+ Kc6 46. Ka4 Re8 47. Ra7 1-0

[Event "Lorca op 3rd"]
[Site "Lorca"]
[Date "2014.12.30"]
[Round "9"]
[White "Libiszewski, Fabien"]
[Black "Franco Ocampos, Zenon"]
[Result "1/2-1/2"]
[WhiteElo "2521"]
[BlackElo "2490"]
[PlyCount "35"]
[EventDate "2014.12.26"]
[EventType "swiss"]
[EventRounds "9"]
[EventCountry "ESP"]
[SourceTitle "CBM 164 Extra"]
[Source "ChessBase"]
[SourceDate "2015.03.02"]
[SourceVersion "1"]
[SourceVersionDate "2015.03.02"]
[SourceQuality "1"]

1. e4 d6 2. d4 Nf6 3. Nc3 e5 4. Nf3 Nbd7 5. Bc4 Be7 6. a4 0-0 7. 0-0 a6 8. a5 h6 9. h3 exd4 10. Nxd4 Ne5 11. Ba2 c5 12. Nde2 Nc6 13. Nf4 Nxa5 14. Ng6 Re8 15. Bf4 Nc6 16. Nxe7+ Rxe7 17. Qxd6 Be6 18. Bd5 1/2-1/2

[Event "PAR-ch"]
[Site "Asuncion"]
[Date "2014.12.19"]
[Round "11"]
[White "Almiron, Antonio"]
[Black "Franco Ocampos, Zenon"]
[Result "1-0"]
[WhiteElo "2255"]
[BlackElo "2490"]
[PlyCount "97"]
[EventDate "2014.12.10"]
[EventType "tourn"]
[EventRounds "11"]
[EventCountry "PAR"]
[EventCategory "3"]
[SourceTitle "EXT 2016"]
[Source "ChessBase"]
[SourceDate "2015.10.08"]
[SourceVersion "1"]
[SourceVersionDate "2015.10.08"]
[SourceQuality "1"]

1. e4 c5 2. Nf3 Nc6 3. d4 cxd4 4. Nxd4 Nf6 5. Nc3 d6 6. Bc4 Qb6 7. Ndb5 a6 8. Be3 Qa5 9. Nd4 e6 10. 0-0 Be7 11. Bb3 0-0 12. Kh1 Bd7 13. f4 Rae8 14. Qf3 Bd8 15. Nde2 Bb6 16. Rad1 Bxe3 17. Qxe3 d5 18. e5 Ng4 19. Qh3 Nh6 20. Nxd5 exd5 21. Qxd7 Re7 22. Qxd5 Qc7 23. Nc3 Kh8 24. Qe4 Ree8 25. Nd5 Qa5 26. c3 f6 27. Nb4 Nxb4 28. cxb4 Qb6 29. e6 f5 30. Qd4 Qc6 31. Qc3 Rxe6 32. Bxe6 Qxe6 33. h3 Ng8 34. Rfe1 Qg6 35. Qc5 Ra8 36. Qc7 h6 37. Rd8 Rxd8 38. Qxd8 Kh7 39. Qe8 Qg3 40. Qe3 Qh4 41. Qe5 Qh5 42. Rc1 Nf6 43. Rc7 Qg6 44. Rxb7 Ne4 45. g4 fxg4 46. Rxg7+ Qxg7 47. Qxe4+ Kg8 48. Qe6+ Kh7 49. Qf5+ 1-0

[Event "PAR-ch"]
[Site "Asuncion"]
[Date "2014.12.14"]
[Round "5"]
[White "Bachmann, Axel"]
[Black "Franco Ocampos, Zenon"]
[Result "0-1"]
[WhiteElo "2628"]
[BlackElo "2490"]
[PlyCount "74"]
[EventDate "2014.12.10"]
[EventType "tourn"]
[EventRounds "11"]
[EventCountry "PAR"]
[EventCategory "3"]
[SourceTitle "EXT 2016"]
[Source "ChessBase"]
[SourceDate "2015.10.08"]
[SourceVersion "1"]
[SourceVersionDate "2015.10.08"]
[SourceQuality "1"]

1. c4 e5 2. Nc3 Nc6 3. g3 g6 4. Bg2 Bg7 5. d3 d6 6. e3 Nge7 7. Nge2 h5 8. h3 h4 9. g4 f5 10. gxf5 gxf5 11. f4 Ng6 12. Qb3 Nce7 13. Bd2 c6 14. 0-0-0 Qb6 15. Qa3 Qc7 16. c5 dxc5 17. Qxc5 Be6 18. Nb5 Qd7 19. Nd6+ Kf8 20. Bc3 b6 21. Qa3 exf4 22. Nxf4 Nxf4 23. Bxg7+ Kxg7 24. exf4 Ng6 25. Rhg1 Kh7 26. Ne4 fxe4 27. Bxe4 Bf5 28. Rg5 Raf8 29. Rdg1 Bxe4 30. dxe4 Nxf4 31. Qf3 Kh6 32. R5g4 Qe7 33. Kb1 Qf6 34. Rf1 Nd5 35. Rfg1 Rhg8 36. Qe2 Rxg4 37. Qxg4 Ne3 0-1